Central Library OPAC University of Rajshahi

Value and reality : (Record no. 1361)

MARC details
000 -LEADER
fixed length control field 00971nam a2200277 a 4500
001 - CONTROL NUMBER
control field 1361
003 - CONTROL NUMBER IDENTIFIER
rucl marc code BD-RjUL
005 - DATE AND TIME OF LATEST TRANSACTION
control field 20211208233326.0
008 - FIXED-LENGTH DATA ELEMENTS--GENERAL INFORMATION
fixed length control field 131125s1973 enk b 001 0 eng d
020 ## - INTERNATIONAL STANDARD BOOK NUMBER
International Standard Book Number 0041000374 (U.K.)
International Standard Book Number 0391002856 (U.S.)
035 ## - SYSTEM CONTROL NUMBER
System control number (BD-RjUL)1383
040 ## - CATALOGING SOURCE
Original cataloging agency BD-RjUL
Language of cataloging eng
Transcribing agency BD-RjUL
Modifying agency BD-RjUL
041 ## - LANGUAGE CODE
Language code of text/sound track or separate title eng
082 04 - DEWEY DECIMAL CLASSIFICATION NUMBER
Edition number 23
Classification number 211.3
Author mark and year EWV 1973
100 1# - MAIN ENTRY--PERSONAL NAME
Personal name Ewing, A. C.
Fuller form of name (Alfred Cyril),
Dates associated with a name 1899-1973
9 (RLIN) 2825
245 10 - TITLE STATEMENT
Title Value and reality :
Remainder of title the philosophical case for theism /
Statement of responsibility, etc. A.C. Ewing.
260 ## - PUBLICATION, DISTRIBUTION, ETC. (IMPRINT)
Place of publication, distribution, etc. London :
Name of publisher, distributor, etc. Allen & Unwin ;
Place of publication, distribution, etc. New York :
Name of publisher, distributor, etc. Humanities Press,
Date of publication, distribution, etc. 1973.
300 ## - PHYSICAL DESCRIPTION
Pagination 292 p. ;
Size 23 cm.
504 ## - BIBLIOGRAPHY, ETC. NOTE
Bibliography, etc Includes bibliographical references and index.
650 #0 - SUBJECT ADDED ENTRY--TOPICAL TERM
Topical term or geographic name as entry element Theism
9 (RLIN) 4032
830 #0 - SERIES ADDED ENTRY--UNIFORM TITLE
Uniform title Muirhead library of philosophy
856 ## - ELECTRONIC LOCATION AND ACCESS
Uniform Resource Identifier <a href="http://www.worldcat.org/title/value-and-reality-the-philosophical-case-for-theism/oclc/3207670&referer=brief_results">http://www.worldcat.org/title/value-and-reality-the-philosophical-case-for-theism/oclc/3207670&referer=brief_results</a>
942 ## - ADDED ENTRY ELEMENTS (KOHA)
Source of classification or shelving scheme Dewey Decimal Classification
Koha item type Books
Holdings
Lost status Source of classification or shelving scheme Damaged status Not for loan Collection code Permanent Location Current Location Shelving location Date acquired Source of acquisition Cost, normal purchase price Total Checkouts Full call number Date last seen Copy number Koha item type
  Dewey Decimal Classification   Not For Loan Non-fiction Central Library, University of Rajshahi Central Library, University of Rajshahi Reading Room 27/05/1975 Gonathan & co. 5.50   211.3 EWV 1973 25/11/2013 C-1 Books
  Dewey Decimal Classification     Non-fiction Central Library, University of Rajshahi Central Library, University of Rajshahi   27/05/1975 Gonathan & Co. 5.50   211.3 EWV 1973 30/03/2014 C-3 Books
  Dewey Decimal Classification     Non-fiction Central Library, University of Rajshahi Central Library, University of Rajshahi   27/05/1975 Gonathan & Co. 5.50   211.3 EWV 1973 30/03/2014 C-4 Books
  Dewey Decimal Classification     Non-fiction Central Library, University of Rajshahi Central Library, University of Rajshahi   27/05/1975 Gonathan & Co. 5.50   211.3 EWV 1973 03/12/2016 C-5 Books